Japanese players in European Big Five (2000-) - Statistics

General Stats
  • This quiz has been taken 36 times
  • The average score is 25 of 77
Answer Stats
Ranking Player Positions Nationality Matches Goals (assists) Periods Clubs % Correct
9 Shinji Kagawa MF, FW 186 47 (38) 2010-2019
97%
14 Wataru Endo DF, MF 148 13 (9) 2020-2025
90%
47 Keita Endo MF, FW 20 1 (0) 2020-2022
86%
31 Keisuke Honda MF, FW 81 9 (9) 2013-2017
83%
2 Shinji Okazaki MF, FW 267 52 (9) 2010-2018, 2020-2021
83%
29 Hiroki Ito DF 91 3 (4) 2021-2025
79%
27 Junya Ito MF, FW 99 13 (15) 2022-2025
79%
77 Sho Ito FW 1 0 (0) 2009-2010
79%
48 Tatsuya Ito MF, FW 20 0 (2) 2017-2018
79%
3 Maya Yoshida DF 255 9 (8) 2012-2023
76%
7 Takefusa Kubo MF, FW 195 27 (13) 2019-2025
76%
19 Takehiro Tomiyasu DF 126 5 (6) 2019-2025
76%
46 Yuya Kubo MF, FW 22 1 (0) 2018-2019
76%
30 Kaoru Mitoma MF, FW 88 20 (13) 2022-2025
72%
1 Makoto Hasebe DF, MF 384 7 (19) 2007-2024
72%
8 Daichi Kamada MF, FW 190 22 (27) 2017-2018, 2019-2025
66%
12 Gōtoku Sakai DF, MF 170 2 (9) 2011-2018
66%
5 Hiroki Sakai DF, MF 237 3 (11) 2012-2021
66%
17 Ritsu Doan DF, MF, FW 131 27 (15) 2020-2021, 2022-2025
66%
21 Takumi Minamino MF, FW 119 22 (12) 2019-2025
66%
6 Yuto Nagatomo DF 211 9 (14) 2010-2017, 2020-2021
66%
15 Hidetoshi Nakata MF 140 10 (21) 2000-2006
55%
60 Kōji Nakata DF, MF 9 0 (1) 2004-2006
52%
32 Ko Itakura DF, MF 75 6 (2) 2022-2025
45%
18 Takuma Asano MF, FW 130 15 (9) 2017-2018, 2021-2025
45%
24 Atsuto Uchida DF 104 1 (12) 2010-2015
41%
28 Shunsuke Nakamura MF 93 11 (13) 2002-2004, 2009-2010
41%
35 Keito Nakamura MF, FW 57 15 (3) 2023-2025
38%
4 Takashi Inui MF, FW 241 23 (19) 2012-2021
38%
22 Yoshinori Mutō MF, FW 117 22 (5) 2015-2021
38%
73 Yuito Suzuki MF, FW 3 1 (0) 2022-2023
38%
10 Yuya Osako MF, FW 181 26 (16) 2014-2021
38%
40 Zion Suzuki GK 37 0 (0) 2024-2025
38%
11 Genki Haraguchi DF, MF, FW 173 6 (16) 2014-2018, 2021-2024
34%
34 Eiji Kawashima GK 60 0 (0) 2016-2018, 2020-2022
31%
20 Hiroshi Kiyotake MF, FW 121 18 (32) 2012-2017
28%
43 Yukinari Sugawara DF, MF, FW 30 1 (1) 2024-2025
28%
36 Takashi Usami MF, FW 53 3 (3) 2011-2012, 2016-2017, 2018-2019
24%
67 Kyogo Furuhashi FW 6 0 (0) 2024-2025
21%
51 Ryo Miyaichi MF, FW 17 0 (2) 2011-2014
21%
42 Shuto Machino MF, FW 32 11 (2) 2024-2025
21%
26 Hajime Hosogai DF, MF 102 3 (2) 2011-2015
17%
23 Junichi Inamoto MF 113 4 (7) 2002-2005, 2007-2010
17%
16 Naohiro Takahara FW 135 25 (6) 2002-2008
17%
45 Shinji Ono MF 29 0 (3) 2007-2010
17%
41 Kaishu Sano MF 34 0 (0) 2024-2025
14%
54 Koji Miyoshi MF, FW 15 1 (0) 2024-2025
10%
61 Naomichi Ueda DF 9 0 (0) 2020-2021
10%
25 Takayuki Morimoto MF, FW 104 19 (6) 2006-2013
10%
33 Ado Onaiwu MF, FW 65 6 (2) 2022-2023, 2024-2025
7%
13 Daisuke Matsui MF, FW 148 17 (20) 2005-2009, 2011-2012
7%
71 Kazuyuki Toda MF 4 0 (0) 2002-2003
7%
69 Mike Havenaar FW 5 0 (0) 2014-2015
7%
68 Mitsuo Ogasawara MF 6 1 (0) 2006-2007
7%
76 Mitsuru Maruoka MF 1 0 (0) 2014-2015
7%
57 Shiō Fukuda MF, FW 11 1 (0) 2023-2025
7%
50 Akihiro Ienaga MF, FW 18 2 (0) 2010-2012
3%
55 Anrie Chase DF 12 0 (0) 2024-2025
3%
58 Daiki Hashioka DF 10 0 (0) 2023-2024
3%
44 Gaku Shibasaki MF, FW 29 1 (0) 2017-2019
3%
66 Hotaru Yamaguchi MF 6 0 (0) 2015-2016
3%
37 Masaya Okugawa MF, FW 48 9 (1) 2020-2021, 2023-2024
3%
70 Soichiro Kozuki MF, FW 5 1 (0) 2022-2023
3%
38 Yoshito Ōkubo MF, FW 47 5 (5) 2004-2005, 2008-2009
3%
65 Akinori Nishizawa FW 6 0 (0) 2000-2001
0%
39 Atsushi Yanagisawa FW 44 0 (2) 2003-2006
0%
63 Genki Omae FW 7 0 (0) 2012-2013
0%
49 Gen Shoji DF 19 0 (0) 2018-2020
0%
52 Hiroki Sekine DF 15 0 (0) 2024-2025
0%
75 Hiroshi Ibusuki FW 1 0 (0) 2011-2012
0%
56 Kazuki Nagasawa MF 11 0 (0) 2014-2016
0%
53 Kisho Yano FW 15 0 (0) 2010-2011
0%
59 Masashi Oguro FW 10 0 (0) 2006-2008
0%
72 Mu Kanazaki MF, FW 4 0 (0) 2012-2013
0%
64 Nozomi Hiroyama MF 7 0 (0) 2003-2004
0%
62 Tomoaki Makino DF 8 0 (0) 2010-2012
0%
74 Yūki Ōtsu MF, FW 3 0 (0) 2011-2012
0%
No matching quizzes found
Score Distribution
Percent of People with Each Score
Percentile by Number Answered
Your Score History
You have not taken this quiz